000 00575cam a22002291 4500
001 sa 64006923
003 DLC
005 20260227112042.0
008 890718s1963 ii 000 0 gujo
010 _asa 64006923
035 _a(OCoLC)20027176
040 _aDLC
_cWaU
_dDLC
042 _apremarc
043 _aa-ii---
050 0 0 _aPK1850
_b.B5
100 1 _aBhayani, Harivallabh Chunilal,
_d1917-
245 1 0 _aŚabdakathā.
260 _c[1963]
300 _a7, 164 p.
_c19 cm.
500 _aIn Gujarati.
650 0 _aGujarati literature
_xHistory and criticism.
999 _c59946
_d59946